000 01131cab a22001935a 4500
001 L153443
008 110728e20110709xxk 000 0 eng d
035 _a(Sirsi) u153443
041 0 _aeng
245 0 0 _aBrewing up for demolition
260 _c2011
490 _aEstates Gazette
_v(1127) 9 July 2011, 73(1)
520 _aA ruling, "R (on the application of SAVE Britain's Heritage) v Secretary of State for Communities and Local Government has led to new guidance being issued on how to proceed to demolish a building. The Court of Appeal declared that demolition can be a project means that on the demolition of listed buildings, buildings in conservation areas, scheduled monuments and a building that is not a dwelling-house or adjoining a dwelling house will qualify as development and so require consideration in a planning context.
590 _aKA
650 2 4 _aR (on the application of SAVE Britain's Heritage) v Secretary of State for Communities and Local Government
651 4 _aEngland and Wales
_y1543-
690 _aENVIRONMENTAL AND LAND CONSULTANCY-PLANNING AND DEVELOPMENT-PLANNING GUIDANCE
942 _n0
999 _c83293
_d83293